Представление документа в формате MARC21

Поле Инд. ПП Название Значение
Тип записи a
Библиографический уровень a
001 Контрольный номер RU/IS/BASE/262109777
005 Дата корректировки 20231226112953.2
084 a Индекс другой классификации/Индекс ББК 81.008.5; 81.60-00
090 00 a Полочн. индекс 81я43
x Авторский знак П 781
100 10 a Автор Кумахов М. А.
245 00 a Заглавие Типология полисинтетического комплекса
650 04 a Основная рубрика филологические науки
a Основная рубрика языкознание
653 00 a Ключевые слова кавказские языки
a Ключевые слова морфологическая структура
a Ключевые слова общее
a Ключевые слова полисинтетический комплекс
a Ключевые слова полисинтетическое слово
a Ключевые слова типологический анализ
a Ключевые слова типология языков
773 00 d Дата издания источника Москва, 1967
g Прочая информация С. 207-211
t Заглавие источника Проблемы языкознания
w Контрольный № источника RU/IS/BASE/102085341
901 t Тип документа a